| 000 | 00423nam a22001697a 4500 | ||
|---|---|---|---|
| 005 | 20180411130037.0 | ||
| 008 | 160523b xxu||||| |||| 00| 0 eng d | ||
| 020 | _a817188-263-3 | ||
| 041 | _aeng | ||
| 082 |
_b4076 _a338.954 |
||
| 100 |
_aKapila , Uma Raj _91006 |
||
| 245 | _aIndias Economy in the 21st Century | ||
| 260 |
_aNew Delhi _bAcademic Faundation |
||
| 300 | _a437 | ||
| 650 |
_aManagement _9241 |
||
| 942 | _cBK | ||
| 999 |
_c1372 _d1372 |
||